000 00493cam a2200145 4500500
005 20251012032441.0
041 _afre
042 _adc
100 1 0 _aLe Moing, Monique
_eauthor
245 0 0 _aDes noms occultés en littérature (Alain Robbe-Grillet – Lima Barreto – Pedro Nava)
260 _c1999.
500 _a71
786 0 _nSigila | 4 | 2 | 1999-12-20 | p. 113-127 | 1286-1715
856 4 1 _uhttps://shs.cairn.info/revue-sigila-1999-2-page-113?lang=fr&redirect-ssocas=7080
999 _c1547306
_d1547306